<?xml version="1.0" encoding="UTF-8"?><?xml-stylesheet type="text/xsl" href="static/style.xsl"?><OAI-PMH xmlns="http://www.openarchives.org/OAI/2.0/" xmlns:xsi="http://www.w3.org/2001/XMLSchema-instance" xsi:schemaLocation="http://www.openarchives.org/OAI/2.0/ http://www.openarchives.org/OAI/2.0/OAI-PMH.xsd"><responseDate>2026-04-17T05:44:10Z</responseDate><request verb="GetRecord" identifier="oai:www.recercat.cat:2117/456307" metadataPrefix="marc">https://recercat.cat/oai/request</request><GetRecord><record><header><identifier>oai:recercat.cat:2117/456307</identifier><datestamp>2026-03-09T04:38:34Z</datestamp><setSpec>com_2072_1033</setSpec><setSpec>col_2072_452950</setSpec></header><metadata><record xmlns="http://www.loc.gov/MARC21/slim" xmlns:dcterms="http://purl.org/dc/terms/" xmlns:xsi="http://www.w3.org/2001/XMLSchema-instance" xmlns:doc="http://www.lyncode.com/xoai" xsi:schemaLocation="http://www.loc.gov/MARC21/slim http://www.loc.gov/standards/marcxml/schema/MARC21slim.xsd">
   <leader>00925njm 22002777a 4500</leader>
   <datafield ind2=" " ind1=" " tag="042">
      <subfield code="a">dc</subfield>
   </datafield>
   <datafield ind2=" " ind1=" " tag="720">
      <subfield code="a">Carrion Bertran, Nil</subfield>
      <subfield code="e">author</subfield>
   </datafield>
   <datafield ind2=" " ind1=" " tag="720">
      <subfield code="a">Calvete Manrique, Daniel</subfield>
      <subfield code="e">author</subfield>
   </datafield>
   <datafield ind2=" " ind1=" " tag="720">
      <subfield code="a">Ribas Prats, Francesca</subfield>
      <subfield code="e">author</subfield>
   </datafield>
   <datafield ind2=" " ind1=" " tag="260">
      <subfield code="c">2026-02-12</subfield>
   </datafield>
   <datafield ind2=" " ind1=" " tag="520">
      <subfield code="a">Low-lying beaches, important ecological and socio-economic assets, are vulnerable to storm erosion and flooding impacts, which are expected to increase due to climate change. This conceptual study uses the 2DH XBeach model to simulate the influence of the initial topobathymetric shape on the washover deposit formation during a beach overwash caused by an extreme storm, including a quantification of the wave chronology uncertainty. The employed initial alongshore-uniform (AU) topobathymetries have different cross-shore profiles, representing the real variability of Mediterranean beaches. The analysis also incorporates the presence of common alongshore-rhythmic morphological patterns, such as megacusps, rhythmic dunes, and crescentic bars, with varying wavelengths. The results in the AU scenarios show that washover deposits are also periodic alongshore, forming through a 2D self-organization process that establishes the natural wavelength of the modeled dry beach. The presence of megacusps in the initial topobathymetry can enhance washover deposit volumes up to a factor 4, especially for large initial wavelengths. Rhythmic dunes also influence the spatial distribution of the deposits, while crescentic bars generally have little direct effect on the deposit formation. These findings highlight the importance of using real and up-to-date topobathymetric data, including the presence of common alongshore-rhythmic morphological patterns, in modeling storm impacts on beaches. Furthermore, modeling studies under future climate change scenarios, must consider the uncertainty associated with the unknown shape of the topobathymetry and wave group chronology. The results could also have implications for developing effective coastal management strategies.</subfield>
   </datafield>
   <datafield ind2=" " ind1=" " tag="520">
      <subfield code="a">Research funding
Agencia Estatal de Investigación. Grant Numbers: PID2021-124272OB-C22, TED2021-130321B-I00, PID2024-157818OB-C21</subfield>
   </datafield>
   <datafield ind2=" " ind1=" " tag="520">
      <subfield code="a">Peer Reviewed</subfield>
   </datafield>
   <datafield ind2=" " ind1=" " tag="520">
      <subfield code="a">Postprint (published version)</subfield>
   </datafield>
   <datafield ind1="8" ind2=" " tag="024">
      <subfield code="a">https://hdl.handle.net/2117/456307</subfield>
   </datafield>
   <datafield tag="653" ind2=" " ind1=" ">
      <subfield code="a">Àrees temàtiques de la UPC::Física::Física de fluids</subfield>
   </datafield>
   <datafield tag="653" ind2=" " ind1=" ">
      <subfield code="a">Àrees temàtiques de la UPC::Enginyeria civil::Geologia::Oceanografia</subfield>
   </datafield>
   <datafield tag="653" ind2=" " ind1=" ">
      <subfield code="a">Àrees temàtiques de la UPC::Matemàtiques i estadística::Matemàtica aplicada a les ciències</subfield>
   </datafield>
   <datafield tag="653" ind2=" " ind1=" ">
      <subfield code="a">Washover deposits</subfield>
   </datafield>
   <datafield tag="653" ind2=" " ind1=" ">
      <subfield code="a">Morphodynamic modeling</subfield>
   </datafield>
   <datafield tag="653" ind2=" " ind1=" ">
      <subfield code="a">Topobathymetric variability</subfield>
   </datafield>
   <datafield tag="653" ind2=" " ind1=" ">
      <subfield code="a">Wave group chronology</subfield>
   </datafield>
   <datafield tag="653" ind2=" " ind1=" ">
      <subfield code="a">XBeach model</subfield>
   </datafield>
   <datafield tag="653" ind2=" " ind1=" ">
      <subfield code="a">Mediterranean beach</subfield>
   </datafield>
   <datafield ind2="0" ind1="0" tag="245">
      <subfield code="a">Role of the initial topobathymetry in washover deposit formation during extreme events</subfield>
   </datafield>
</record></metadata></record></GetRecord></OAI-PMH>